00916nam a2200241Ia 450000100060000000300090000600800410001504000130005604000130006904100130008210000210009510000290011624500290014524500290017425000110020326000100021426000200022426000490024430000430029350002830033665000240061965000310064323130IT-RoPAU130308s9999 xx 000 0 und d aIT-RoPAU cIT-RoPAU aFRANCESE aBaudrillard Jean gCodice Aut. SPICS: 9442 aStrategies fatales (Les) bStrategies fatales (Les) a1a ed. aPARIS bGrasset Bernard c1983 [1° Ed.:1983 - Ed.Ling.Originale:1983] a"278 p. (prefazione: no ; testo: 278)" aStrategie fatali Estasi e Inerzia figure di Transpolitica Obeso Ostaggio Osceno strategie ironiche Genio Maligno del Sociale dell'Oggetto e della passione Oggetto e suo Destino Supremazia dell'Oggetto Elogio dell'Oggetto Sessuale Eminenza Grigia fatale per un Principio del Male aSAGGI DI SOCIOLOGIA eCodice materia Spics: 3657